| 000 | 00428nam a2200145Ia 4500 | ||
|---|---|---|---|
| 008 | 230917s9999||||xx |||||||||||||| ||und|| | ||
| 040 |
_e8433 _aMAIN |
||
| 041 | _aEnglish | ||
| 082 | _a327.4105 L952G | ||
| 100 | _aLowe, Peter | ||
| 245 | 0 | _aGreat Britain and the origion of the pacific war: A study of British policy in East Asia 1937-1941 | |
| 260 |
_aOxford _bClarendon Press _c1977 |
||
| 300 | _axii, 318 p. | ||
| 942 | _cBK | ||
| 999 |
_c181251 _d181251 |
||